| 000 | 00665nam a22002177a 4500 | ||
|---|---|---|---|
| 003 | OSt | ||
| 005 | 20240627131021.0 | ||
| 008 | 240627b |||||||| |||| 00| 0 eng d | ||
| 020 | _a0333-68947-x | ||
| 040 | _cMUST | ||
| 082 | _a355.033 DEN 1998 | ||
| 100 |
_aDenholm, Crosby Ann _918260 |
||
| 245 |
_aDilemmas in defence decision- making _b: constructing Canada's role in Norad, 1958-96 |
||
| 300 |
_axii, 253p. _c; 22 cm |
||
| 504 | _aincludes index | ||
| 650 |
_aCanada Defenses _918261 |
||
| 650 |
_aCanada - politics and government 20th century _918262 |
||
| 650 |
_aCold war _918263 |
||
| 650 |
_aNational security - canada _918264 |
||
| 942 |
_2ddc _cO_SHELF |
||
| 999 |
_c8998 _d8998 |
||